| 000 | 01396naa a22003137a 4500 | ||
|---|---|---|---|
| 001 | BR8401353 | ||
| 003 | BR-BrBNA | ||
| 005 | 20250721154433.0 | ||
| 007 | ta | ||
| 008 | 250630b bl.|||m| |||| 00| 0 por d | ||
| 040 |
_aBR-BrBNA _bpor _cBiblioteca Nacional de Agricultura |
||
| 041 | _a(Pt) | ||
| 072 |
_aM30 _b/G514 |
||
| 090 | _aM30 BR8401353 | ||
| 100 | 1 | _aLerner, E.P. | |
| 100 | 1 | _aWidholzer, R.M.B.F. | |
| 245 | 1 | _aEstudo morfometrico do acude da chacara Nossa Senhora das Gracas - Viamao - Rio Grande do Sul [Brasil] | |
| 246 | 1 | _a[Morphometric study on the sluice of Nossa Senhora das Gracas farm - Viamao - Rio Grande do Sul [Brazil]] | |
| 246 | 1 | _a[Communications from the Science Museum of the Pontificial Catholic University of Rio Grande do Sul] | |
| 500 | _aComunicacoes do Museu de Ciencias da Pontificia Universidade Catolica do Rio Grande do Sul Porto Alegre, RS (Brasil): 1983. p. 123-147 [13 illus.; Summaries (En, Pt); 15 ref.] (BR8401353-AMS) | ||
| 773 | 0 |
_tComunicacoes do Museu de Ciencias da Pontificia Universidade Catolica do Rio Grande do Sul _wM30 BR8401353 _gPorto Alegre, RS (Brasil), 1983. p. 123-147 |
|
| 650 | _aACUDE | ||
| 650 | _aAGUA DOCE | ||
| 650 | _aLIMNOLOGIA | ||
| 650 | _aRIO GRANDE DO SUL | ||
| 490 |
_aComunicacoes do Museu de Ciencias da PUCRGS (Brazil) _vno. 14 |
||
| 942 |
_cAMS _2AGRIS |
||
| 909 |
_a202506 _bLúcia _c55 _dLúcia Elande |
||
| 999 |
_c334755 _d334755 |
||